000 01318cam a22003734i 4500
003 PE-LiUPU
005 20250731184051.0
008 150617s r 000 0 d
035 _a(Sirsi) a16335
040 _aPE-LiUPU
_bspa
_cPE-LiUPU
_erda
049 _aPRUA
082 0 4 _a808.8485
_bR74
_221
100 1 _aRodríguez Saavedra, Carlos,
_eautor.
245 1 0 _aPalabras.
264 1 _aLima :
_bApoyo,
_c1987.
300 _a245 páginas ;
_c24 cm
336 _atext
_2rdacontent
337 _aunmediated
_2rdamedia
338 _avolume
_2rdacarrier
505 0 _aPerú, autores, escritos -- Mundo, arte, letras -- Perú, artes -- Reflexiones -- Viajes, lugares, toros, personas -- Perú, carnet, impresiones.
526 _aP145
526 _aP127
526 _aP97
526 _aP14
526 _aP07
650 0 4 _aENSAYOS.
910 _ajck
_bjvq
_cjck
_d20150616
942 _2ddc
_cBOOK
949 _a808.8485 R74
_wDEWEY
_c1
_i33275
_lCCODEBUL1
_mBUL
_p
_r0
_sY
_tBOOK
_u19930112
_xBIBLIOTECA
_zUNKNOWN
_0COMPRA
_o.STAFF. Colección General
994 _aC0
_bPEPRU
596 _a1
999 _a808.8485 R74
_wDEWEY
_c12233
_i33275
_f2021-11-5
_g5
_lCCODEBUL1
_mBUL
_r0
_sY
_tBOOK
_u2015-6-17
_xBIBLIOTECA
_zUNKNOWN
_0COMPRA
_o.STAFF. Colección General
_d12233
980 _81
_gALBERTO SANCHEZ Responsable de Automatización